資料類型: Book 圖書   書目號:32877

Leader xxxxxxxxxx
001 __ 86022854
005 __ 19941110162947.0
008 __                                    chi  
010 0_ |a957-558-337-X|b上冊:平裝|d新臺幣120元
010 0_ |a957-558-338-8|b下冊:平裝|d新臺幣120元
100 __ |a19940517d1992    cd y0chiy0109    e.
101 1_ |achi |ceng.
102 __ |acw.
105 __ |aa   z   000ay.
200 1_ |a|e|f瑪格麗特.密契爾原著|g蔡佳如改寫|g呂玉琴圖.
205 __ |a
210 __ |a臺南市|c大千文化|d民81.
215 0_ |a2冊|c|d22公分.
225 2_ |a世界文學注音版全集|v32-33.
260 1_ |a1992.
300 __ |a
302 __ |a國語注音.
606 __ |2csh|a西洋小說.
681 __ |a859.6|b4607|y81 v.32-33|v增訂七版.
700 _1 |a密契爾,瑪格麗特|b|f1900年-1948年|4原著.
702 _1 |a|b佳如|4改寫.
702 _1 |a|b玉琴|4圖.
詳細館藏 1-2 筆 (共 2 筆)
索 書 號登 錄 號冊次號館別 / 館藏地流通類型狀態加入預約清單電子資源
859.6 / 8473 2013316 v32 圖書館 / 一樓普通區 可外借30天 在館   
859.6 / 8473 2013317 v33 圖書館 / 一樓普通區 可外借30天 在館   

| 條列資料




目錄查詢 分類查詢 個人資料 圖書薦購 新書查詢 閉館日 排行榜 更多電子資源 Hami書城 線上資料庫 登出

From : 216.73.216.116

  本日流通累計至 19:25:32 借閱 : 9 次 續借 : 0 次 歸還 : 10 次 預約 : 0 次 電子資源 : 0 次


內湖高中圖書館  PCLIS 版本  25.5.0.2